Statistics for Guess The Sports

Click here to take the quiz!

General Stats

  • This quiz has been taken 23 times
  • The average score is 14 of 16

Answer Stats

Answer% Correct
Basketball
96%
Boxing
96%
Football
96%
Golf
96%
Swimming
96%
Archery
91%
Ice Hockey
91%
Karate
91%
Ping pong
91%
Bowling
87%
Cricket
87%
Surfing
87%
Tennis
87%
Volleyball
87%
Badminton
78%
Rugby
61%

Score Distribution

Percentile by Number Answered

Percent of People with Each Score

Your Score History

You have not taken this quiz